|
|
|
|
| LEADER |
00000nam0a2200000 4500 |
| 001 |
114170 |
| 005 |
20231031122152.0 |
| 010 |
|
|
|a 5020355062
|
| 035 |
|
|
|a (RuTPU)RU\TPU\book\123471
|
| 090 |
|
|
|a 114170
|
| 100 |
|
|
|a 20070419d2006 k y0rusy50 ca
|
| 101 |
0 |
|
|a rus
|
| 102 |
|
|
|a RU
|
| 105 |
|
|
|a y z 000zy
|
| 200 |
1 |
|
|a Изменение религиозности населения России. Православные и мусульмане. Суеверное поведение россиян
|f Ю. Ю. Синелина
|g Российская академия наук (РАН); Институт социально-политических исследований
|
| 210 |
|
|
|a Москва
|c Наука
|d 2006
|
| 215 |
|
|
|a 112 с.
|
| 330 |
|
|
|a Книга посвящена анализу религиозного мировоззрения населения России, изучению процессов воцерковления православных в современном российском обществе. На основании полученных данных был подсчитан уровень воцерковленности православных респондентов (по методике В. Ф. Чесноковой), сопоставляется религиозное поведение православных и мусульман. В монографии представлена динамика показателей воцерковленности за последние 13 лет, а также впервые в отечественной социологической практике анализируется уровень активного суеверного поведения населения. Исследование освещает проблему сосуществования в современном российском обществе православного религиозного мировоззрения и различного рода языческих и оккультных представлений, а также явлений New age, при этом главный акцент был сделан на изучении поведения респондентов. Для социологов и всех интересующихся современной религиозной ситуацией в России.
|
| 610 |
1 |
|
|a религия
|
| 610 |
1 |
|
|a Россия
|
| 610 |
1 |
|
|a православие
|
| 610 |
1 |
|
|a мусульманство
|
| 610 |
1 |
|
|a религиозность
|
| 610 |
1 |
|
|a религиозное поведение
|
| 610 |
1 |
|
|a суеверия
|
| 610 |
1 |
|
|a исследования
|
| 610 |
1 |
|
|a анализ
|
| 686 |
|
|
|a Э29(2)
|v LBC/SL-A
|2 rubbk
|
| 700 |
|
1 |
|a Синелина
|b Ю. Ю.
|g Юлия Юрьевна
|
| 712 |
0 |
2 |
|a Российская академия наук (РАН)
|b Институт социально-политических исследований (ИСПИ)
|c (Москва)
|2 stltpush
|3 (RuTPU)RU\TPU\col\6682
|
| 801 |
|
1 |
|a RU
|b 63413507
|c 20070419
|g PSBO
|
| 801 |
|
2 |
|a RU
|b 63413507
|c 20090408
|g PSBO
|
| 942 |
|
|
|c BK
|